02076nam a2200193 a 4500001001000000003000900010005001700019008004100036040002200077082002400099100003900123245008600162260004800248300003300296504003000329505142400359650004701783651005201830000021809DO-SdBNP20250909112126.0100913s1994 dr ab r 000 0 spa d aBPMSUbspacBPMSU a972.9373bB142B2221 aBáez Díaz, Tomás,d1909-200610aBaní :bsu contribución a la Independencia Nacional /cTomás Báez Díaz. aSanto Domingo :bEditora de Colores,c1994. a96 p. :bil., map. ;c21 cm. aBibliografía : p. 95-96 aIntroducción -- Relación de banilejos que participaron en diferentes batallas de las guerras dominico-haitiana -- Primeras contribuciones de Baní a favor de la Independencia Nacional -- Misión del patriota Rosendo Herrera -- Firmas de patriotas banilejos en el acta de separación dominicana -- Construcción de lanzas para la guerra dominico-haitiana -- Un documento revelador vida política de Jacinto de Castro -- Reacción del gobierno de Haití al conocer la proclamación de la Independencia de la República Dominicana. Salida de tropas desde Baní --Batalla del 19 de Marzo, 1844 -- Acciones del Memis, El Perico y El Pinal -- Extraña carta del ex-presidente Charles Herard Aine -- Guerra ofensiva del General Antonio Duvergé -- Segunda invasión haitiana, 1845 --Ataque a Cachiman precursor de una gran ofensiva-- Batalla de la Estrelleta -- Tercera invasión haitiana, 1859 -- Combate del El Número. Presencia banileja -- Batalla de las Carreras, presencia banileja -- Cuarta invasión haitiana -- Batalla de Santomé -- Estrategias del General Santana -- Escenario de la batalla -- Primera fase de la batalla -- Segunda fase de la batalla -- Análisis y consideraciones sobre aspectos nebulosos de la batalla de Santomé -- Santana investiga la orden de retirada impartida por el General Bernardino Pérez -- Batalla de Cambronal -- Epílogo -- Notas -- Bibliografías. 4aCiudades y puebloszRepública Dominicana 4aBaní (República Dominicana)xHistoria Local